|
|
|
|
| LEADER |
00000cam a2200000 a 4500 |
| 001 |
vtls001451649 |
| 003 |
SK-MaSNL |
| 005 |
20260426015959.0 |
| 008 |
240226s2002 xo grfn 000 0 eng |
| 015 |
|
|
|a SNBA2003/10-03789
|
| 020 |
|
|
|a 8096823159
|
| 035 |
|
|
|a SNK000406956
|
| 035 |
|
|
|a urn:nbn:sk:snk-am3itfo
|
| 035 |
|
|
|a EC26FF23-369A-4774-8CF2-988015B44561
|
| 035 |
|
|
|a urn:nbn:sk:snk-am00fhb2
|
| 040 |
|
|
|a SNK
|b slo
|c SNK
|e AACR2
|
| 041 |
0 |
|
|a eng
|
| 044 |
|
|
|a xo
|c SK
|
| 072 |
|
7 |
|a 811.111
|x Angličtina
|2 konspekt
|
| 072 |
|
7 |
|a 81
|x Lingvistika. Jazyky
|2 konspekt
|
| 080 |
|
|
|a 811.111`373.7(035)=111
|2 1997
|
| 080 |
|
|
|a 811.111
|2 2011
|
| 080 |
|
|
|a 81`373.7
|2 2011
|
| 080 |
|
|
|a (076.5)
|2 2011
|
| 080 |
|
|
|a (035)
|2 2011
|
| 100 |
1 |
|
|a Kvetko, Pavol,
|d 1940-
|4 aut
|9 11033
|
| 245 |
1 |
0 |
|a English phraseology
|b a practical course
|c Pavol Kvetko
|
| 250 |
|
|
|a 1. vyd.
|
| 260 |
|
|
|a Bratislava
|b Retaas
|c 2002
|
| 300 |
|
|
|a 92 strán
|c 21 cm
|
| 500 |
|
|
|a Čiastočne text slovensky ; tiráž slovensky ; obsahuje slovník a skratky
|
| 504 |
|
|
|a Bibliografia na strane 85-92
|
| 650 |
0 |
7 |
|a angličtina
|2 SNKPH
|9 1260
|
| 650 |
0 |
7 |
|a frazeológia
|2 SNKPH
|9 1507
|
| 655 |
|
7 |
|a praktické cvičenia
|2 SNKPH
|9 70517
|
| 655 |
|
7 |
|a príručky
|2 SNKPH
|9 74364
|
| 919 |
|
|
|a 80-968231-5-9
|
| 958 |
|
|
|a TL
|
| 958 |
|
|
|a NB
|
| 958 |
|
|
|a OND
|
| 999 |
|
|
|c 1199201
|d 1201131
|
| 952 |
|
|
|t P60, <03>, [BOOK], {603}
|a SNK
|b SNK
|y PREZ
|7 0
|p 17A0380322
|o snkSC 111278
|i snkKSP 4853/2003
|0 0
|1 0
|4 0
|d 2003-04-03
|f 1
|l 0
|r 2025-10-01 00:00:00
|w 2026-02-24
|
| 952 |
|
|
|t P60, <04>, [BOOK], {604}
|a SNK
|b SNK
|y VYP
|7 0
|p 17A0435850
|o snkSC 111278 D1
|i snkKSP 9030/2004
|0 0
|1 0
|4 0
|d 2004-07-09
|l 0
|r 2005-01-02 00:00:00
|w 2026-02-24
|
| 952 |
|
|
|t snkKVE 802.0
|a SNKUST
|b SNKUST
|y PREZ
|7 0
|p 17A0435849
|o snkSC 111278 D2
|i snkKSP 9031/2004
|0 0
|1 0
|4 0
|d 2004-07-09
|l 0
|r 2025-04-28 00:00:00
|w 2026-02-24
|